Enemies of the Third Doctor Quiz Stats

 Plays Quiz not verified by Sporcle

Challenge
Share
Tweet
Embed
Score 0/53 Timer 10:00
0 Plays Today
Serial Enemy % Correct
Spearhead from SpaceAutons
97.6%
Terror of the (monsters)Autons
97.6%
Terror of the (monsters)Colonel Masters
93.7%
The Mind of EvilProfessor Emil Keller
93.7%
The Claws of (monster)The Master
93.7%
Colony in SpaceEarth Adjudicator
93.7%
The DæmonsReverend Magister
93.7%
The S** D***** (monsters)The Master
93.7%
The Time MonsterProfessor Thascalos
93.7%
Frontier in SpaceThe Master
93.7%
Doctor Who and the (monsters)Silurians
92.1%
Day of the (monsters)Daleks
85.7%
Frontier in SpaceDaleks
85.7%
Planet of the (monsters)Daleks
85.7%
Death to the (monsters)Daleks
85.7%
The S** D***** (monsters)Sea Devils
82.5%
Spearhead from SpaceNestene Consciousness
81%
Terror of the (monsters)Nestene Consciousness
81%
The Time WarriorJingo Linx
75.4%
The Claws of (monster)Axos
70.6%
Planet of the SpidersEight Legs
70.6%
The Three DoctorsOmega
68.3%
The Monster of PeladonAzaxyr
64.3%
Day of the (monsters)Ogrons
56.3%
Frontier in SpaceOgrons
56.3%
The Green DeathBOSS
54.8%
The DæmonsAzal
54%
Serial Enemy % Correct
Carnival of MonstersDrashigs
51.6%
The DæmonsBok
50.8%
Planet of the SpidersGreat One
50.8%
InfernoBrigade Leader Lethbridge Stewart
49.2%
InfernoPrimords
46.8%
The Ambassadors of DeathGeneral Carrington
42.9%
InfernoProfessor Eric Stahlman
42.9%
Invasion of the DinosaursCaptain Yates
40.5%
The Mind of EvilKeller Machine
39.7%
The Time WarriorIrongron
39.7%
The Curse of PeladonHepesh
34.9%
The MutantsMarshall of Solos
34.9%
The Curse of PeladonDelegate Arcturus
34.1%
Planet of the SpidersLupton
34.1%
The Ambassadors of DeathReegan
32.5%
The Ambassadors of DeathSir James Quinlan
27%
Invasion of the DinosaursGeneral Finch
26.2%
The Monster of PeladonEckersley
26.2%
Invasion of the DinosaursMinister Grover
25.4%
The Ambassadors of DeathDr. Bruno Taltalian
24.6%
Invasion of the DinosaursProfessor Whitaker
23.8%
Colony in SpaceCaptain Dent
23%
Invasion of the DinosaursButler
20.6%
Carnival of MonstersKalik
19.8%
The Mind of EvilHarry Mailer
19%
The Time MonsterKrasis
17.5%

You're not logged in!

Compare scores with friends on all Sporcle quizzes.
Join for Free
OR
Log In

You Might Also Like...

Show Comments

Extras

Top Quizzes Today


Score Distribution

Your Account Isn't Verified!

In order to create a playlist on Sporcle, you need to verify the email address you used during registration. Go to your Sporcle Settings to finish the process.

Report this User

Report this user for behavior that violates our Community Guidelines.

Details: